000 00651nam a2200241Ia 4500
005 20260430150353.0
008 008 250103s9999 xx 000 0 eng d
037 _aTheses
040 _aCRL
040 _beng
040 _ceng
041 _2eng
041 _aeng
084 _qCRL
100 _aChandra Manisha Au.; A. Malathi Gu.
_91237285
245 0 _aMental Health of Mountain Communities: A Study of Services, Perception and Coping
260 _c2022
300 _a260p.
650 _aSocial Work
700 _aUniversity of Delhi. Faculty of Social Sciences. Deptt. of Social Work
942 _cTH
999 _c1849622
_d1849622